Planning for regeneration in our towns and cities (Record no. 102891)
[ view plain ]
| 000 -LEADER | |
|---|---|
| fixed length control field | 01088cam a2200229 4500 |
| 001 - CONTROL NUMBER | |
| control field | J122637 |
| 008 - FIXED-LENGTH DATA ELEMENTS--GENERAL INFORMATION | |
| fixed length control field | 030618n2003 000 0 eng u |
| 035 ## - SYSTEM CONTROL NUMBER | |
| System control number | (Sirsi) u122637 |
| 041 ## - LANGUAGE CODE | |
| Language code of text/sound track or separate title | eng |
| 050 ## - LIBRARY OF CONGRESS CALL NUMBER | |
| Classification number | 711.52 |
| -- | 18 |
| 110 ## - MAIN ENTRY--CORPORATE NAME | |
| Corporate name or jurisdiction name as entry element | Royal Institution of Chartered Surveyors |
| Subordinate unit | Planning and Development Faculty Annual Conference ( |
| Date of meeting or treaty signing | 2003) |
| 9 (RLIN) | 4467 |
| 245 ## - TITLE STATEMENT | |
| Title | Planning for regeneration in our towns and cities |
| -- | [videorecording] |
| 260 ## - PUBLICATION, DISTRIBUTION, ETC. | |
| Place of publication, distribution, etc. | London |
| Name of publisher, distributor, etc. | RICS |
| Date of publication, distribution, etc. | 2003 |
| 490 ## - SERIES STATEMENT | |
| Series statement | RICS Multimedia Presentations |
| 490 ## - SERIES STATEMENT | |
| Series statement | RICS Planning and Development Faculty Conference |
| 520 ## - SUMMARY, ETC. | |
| Summary, etc. | Video of presentations made at the 2003 RICS Planning and Development Faculty annual conference held 1 April 2003, including the keynote address given by Lord Heseltine, Former Deputy Prime Minister and SoS Environment. |
| 650 ## - SUBJECT ADDED ENTRY--TOPICAL TERM | |
| Topical term or geographic name entry element | URBAN REGENERATION |
| 690 ## - LOCAL SUBJECT ADDED ENTRY--TOPICAL TERM (OCLC, RLIN) | |
| Topical term or geographic name as entry element | ENVIRONMENTAL AND LAND CONSULTANCY-PLANNING AND DEVELOPMENT |
| 710 ## - ADDED ENTRY--CORPORATE NAME | |
| Corporate name or jurisdiction name as entry element | Royal Institution of Chartered Surveyors |
| Subordinate unit | Planning and Development Faculty |
| 9 (RLIN) | 4351 |
| 710 ## - ADDED ENTRY--CORPORATE NAME | |
| Corporate name or jurisdiction name as entry element | Royal Institution of Chartered Surveyors |
| 9 (RLIN) | 4900 |
| 942 ## - ADDED ENTRY ELEMENTS (KOHA) | |
| Suppress in OPAC | 0 |
| Withdrawn status | Lost status | Source of classification or shelving scheme | Damaged status | Not for loan | Home library | Current library | Shelving location | Date acquired | Total Checkouts | Full call number | Barcode | Date last seen | Copy number | Price effective from | Koha item type |
|---|---|---|---|---|---|---|---|---|---|---|---|---|---|---|---|
| Dewey Decimal Classification | Virtual | Virtual | Online | 18/06/2003 | ONLINE PUBLICATION | 122637-1001 | 06/08/2019 | 1 | 06/08/2019 | Video |